000 00282nam a2200109Ia 4500
005 20251222144653.0
008 251222s9999||||xx |||||||||||||| ||spa||
082 _a370.115/F75
245 0 _aLos DesafĂ­os de Foro Educativo en la Hora Actual
264 _bForo Educativo
942 _cLIB
999 _c17147
_d17147